00291nam a2200121Ia 4500008004100000100001500041245003500056260003300091300000900124650001400133942000700147999001500154190216s9999||||xx |||||||||||||| ||und|| aAsish Boss 0aPopulation Statistics In India bVikas Publishing Housec1978 a445p aEconomics cBK c9543d9543